<?xml version="1.0" encoding="UTF-8"?><?xml-stylesheet type="text/xsl" href="static/style.xsl"?><OAI-PMH xmlns="http://www.openarchives.org/OAI/2.0/" xmlns:xsi="http://www.w3.org/2001/XMLSchema-instance" xsi:schemaLocation="http://www.openarchives.org/OAI/2.0/ http://www.openarchives.org/OAI/2.0/OAI-PMH.xsd"><responseDate>2026-04-28T15:39:09Z</responseDate><request verb="GetRecord" identifier="oai:riubu.ubu.es:10259/9779" metadataPrefix="marc">https://riubu.ubu.es/oai/request</request><GetRecord><record><header><identifier>oai:riubu.ubu.es:10259/9779</identifier><datestamp>2024-12-13T01:05:28Z</datestamp><setSpec>com_10259_4839</setSpec><setSpec>com_10259_5086</setSpec><setSpec>com_10259_2604</setSpec><setSpec>col_10259_4840</setSpec></header><metadata><record xmlns="http://www.loc.gov/MARC21/slim" xmlns:doc="http://www.lyncode.com/xoai" xmlns:xsi="http://www.w3.org/2001/XMLSchema-instance" xmlns:dcterms="http://purl.org/dc/terms/" xsi:schemaLocation="http://www.loc.gov/MARC21/slim http://www.loc.gov/standards/marcxml/schema/MARC21slim.xsd">
<leader>00925njm 22002777a 4500</leader>
<datafield tag="042" ind1=" " ind2=" ">
<subfield code="a">dc</subfield>
</datafield>
<datafield tag="720" ind1=" " ind2=" ">
<subfield code="a">Zabaleta González, Rebeca</subfield>
<subfield code="e">author</subfield>
</datafield>
<datafield tag="720" ind1=" " ind2=" ">
<subfield code="a">Lezcano Barbero, Fernando</subfield>
<subfield code="e">author</subfield>
</datafield>
<datafield tag="720" ind1=" " ind2=" ">
<subfield code="a">Perea Bartolomé, Mª Victoria</subfield>
<subfield code="e">author</subfield>
</datafield>
<datafield tag="260" ind1=" " ind2=" ">
<subfield code="c">2021-10</subfield>
</datafield>
<datafield tag="520" ind1=" " ind2=" ">
<subfield code="a">Introducción. Educación y salud mental están estrechamente relacionadas. Los programas educativos de alfabetización en salud mental (ASM) proporcionan conocimientos sobre los problemas de salud mental, su prevención y la búsqueda de ayuda. Además, favorecen la reducción del estigma. El objetivo de este trabajo es identificar y describir los programas de ASM hallados en publicaciones científicas. Método. A través de la revisión documental en las bases de datos WOS y Scopus para el periodo 2000-2018 con el empleo de término en español e inglés, se obtienen, en un primer momento 355 artículos, tras su cribado siguiendo los criterios de inclusión y elegibilidad, se seleccionan 44 artículos que describen 38 programas educativos de ASM. Resultados. Se han descrito, según el grupo destinatario (alumnado, profesorado y otros colectivos), las principales características (nombre, edad de los receptores, idioma, duración, metodología, país) de 38 programas educativos de ASM. Discusión. Los programas son muy diversos en cuanto a tipología, duración y estrategias metodológicas. El contacto directo con personas con enfermedad mental es una estrategia clave para combatir el estigma, pese a su reducido uso. Las intervenciones se dirigen, principalmente a la población adolescente. Se puede trabajar la salud mental con estrategias variadas en los centros educativos.</subfield>
</datafield>
<datafield tag="520" ind1=" " ind2=" ">
<subfield code="a">Introduction. Education and mental health are closely related. Mental health literacy (MHL) education programs provide knowledge about mental health problems, their prevention, and seeking help. They also promote stigma reduction. The objective of this paper is to identify MHL programs described in scientific publications. Methods: Through the doc-umentary review in the WOS and Scopus databases for the period 2000-2020 with use of Spanish and English terms, 355 articles are initially obtained. After screening them according to the inclusion and eligibility criteria, 44 articles are selected that describe 38 MHL educational programs. Results. According to the target group (students, teachers and other groups), the main characteristics (name, age of recipients, language, duration, methodology, country) of 38 MHL educational pro-grams have been described. Discussion. The programs are very diverse in terms of typology, duration and methodological strategies. Direct contact with people with mental illness is a key strategy to combat stigma, despite its reduced use. The interventions are directed mainly to the adolescent population. Mental health can be promoted through a variety of strategies in educational centers.</subfield>
</datafield>
<datafield tag="024" ind2=" " ind1="8">
<subfield code="a">1130-2496</subfield>
</datafield>
<datafield tag="024" ind2=" " ind1="8">
<subfield code="a">http://hdl.handle.net/10259/9779</subfield>
</datafield>
<datafield tag="024" ind2=" " ind1="8">
<subfield code="a">10.5209/rced.73696</subfield>
</datafield>
<datafield tag="024" ind2=" " ind1="8">
<subfield code="a">1988-2793</subfield>
</datafield>
<datafield ind1=" " ind2=" " tag="653">
<subfield code="a">Alfabetización en salud mental</subfield>
</datafield>
<datafield ind1=" " ind2=" " tag="653">
<subfield code="a">Educación</subfield>
</datafield>
<datafield ind1=" " ind2=" " tag="653">
<subfield code="a">Enfermedad mental</subfield>
</datafield>
<datafield ind1=" " ind2=" " tag="653">
<subfield code="a">Programa</subfield>
</datafield>
<datafield ind1=" " ind2=" " tag="653">
<subfield code="a">Mental health literacy</subfield>
</datafield>
<datafield ind1=" " ind2=" " tag="653">
<subfield code="a">Education</subfield>
</datafield>
<datafield ind1=" " ind2=" " tag="653">
<subfield code="a">Mental illness</subfield>
</datafield>
<datafield ind1=" " ind2=" " tag="653">
<subfield code="a">Program</subfield>
</datafield>
<datafield tag="245" ind1="0" ind2="0">
<subfield code="a">Análisis de los Programas educativos sobre alfabetización en salud mental. Revisión documental.</subfield>
</datafield>
</record></metadata></record></GetRecord></OAI-PMH>